Shakespeares Werke Quiz - Statistiken

Allgemein
  • Dieses Quiz wurde 101 mal gespielt
  • Das Durchschnittsergebnis liegt bei 6 aus 34
Antwortstatistiken
Werk % Korrekt
Hamlet
90%
Romeo und Julia
88%
Ein Sommernachtstraum
63%
Macbeth
55%
Othello
40%
König Lear
29%
Richard II.
27%
Der Kaufmann von Venedig
24%
Der Sturm
23%
Was ihr wollt
21%
Julius Caesar
18%
Wie es euch gefällt
18%
Richard III.
17%
Viel Lärm um nichts
17%
Der Widerspenstigen Zähmung
15%
Heinrich V.
12%
Heinrich IV.
10%
Die lustigen Weiber von Windsor
9%
Antonius und Cleopatra
7%
Heinrich VI.
7%
Heinrich VIII.
6%
Coriolanus
5%
Das Wintermärchen
5%
Ende gut, alles gut
5%
Maß für Maß
5%
Titus Andronicus
5%
Timon von Athen
4%
Verlorene Liebesmüh
4%
König Johann
2%
Troilus und Cressida
2%
Cymbeline
1%
Die Komödie der Irrungen
1%
Perikles, Prinz von Tyrus
1%
Zwei Herren aus Verona
1%
Keine übereinstimmenden Quizze gefunden
Verteilung der Resultate
Anzahl Personen mit jedem Resultat
Perzentil nach korrekt beantworteten Fragen
Ihre Resultats-Entwicklung
Sie haben dieses Quiz noch nicht gespielt